000 00640nam a2200205Ii 4500
003 JO-AjNU
008 230605s9999||||xx |||||||||||||| ||und||
040 _aJO-AjNU
_bara
_erda
_cJO-AjNU
041 _aara
050 1 4 _aPJ7866.J3.A61 1983
100 3 _aتأليف العجيلي،عبد السلام,
_eauthor
_919808
245 0 0 _aحكايات من الرحلات
250 _aط2
264 3 1 _aبيروت:دار الشرق العربي،1983
300 _a150ص
336 _atext
_btxt
_2rdacontent
337 _aunmediated
_bn
_2rdamedia
338 _avolume
_bnc
_2rdacarrier
650 4 _aالأدب العربي - قصص
_919809
999 _aA6602
_c10170
_d10170